Top Goalscorer For Every FIFA International Nation - Statistics

General Stats
  • This quiz has been taken 35 times
  • The average score is 44 of 229
Answer Stats
Nation First Cap Goals Player % Correct
Portugal 2003 130 Cristiano Ronaldo
100%
Argentina 2005 109 Lionel Messi
100%
Belgium 2010 85 Romelu Lukaku
97%
England 2015 66 Harry Kane
94%
Brazil 2010 79 Neymar
94%
Poland 2008 83 Robert Lewandowski
94%
Spain 2005 59 David Villa
90%
Sweden 2001 62 Zlatan Ibrahimovic
90%
Wales 2006 41 Gareth Bale
87%
Germany 2001 71 Miroslav Klose
87%
Senegal 2012 43 Sadio Mane
87%
Chile 2006 51 Alexis Sanchez
84%
Cameroon 1997 56 Samuel Eto'o
84%
Ukraine 1995 48 Andriy Shevchenko
81%
Cote d'Ivoire 2002 65 Didier Drogba
81%
Bosnia & Herzegovina 2007 65 Edin Dzeko
81%
Uruguay 2007 68 Luis Suarez
81%
France 2011 57 Olivier Giroud
81%
Republic of Ireland 1998 68 Robbie Keane
81%
Netherlands 2005 50 Robin van Persie
81%
Hungary 1945 84 Ferenc Puskas
77%
Gabon 2009 31 Pierre-Emerick Aubameyang
77%
Mexico 2009 52 Javier Hernandez
74%
Ecuador 2012 41 Enner Valencia
71%
USA 2000 57 Landon Donovan
71%
Serbia 2013 58 Aleksandar Mitrovic
68%
USA 2004 57 Clint Dempsey
68%
Bulgaria 1999 48 Dimitar Berbatov
68%
Liberia 1986 18 George Weah
68%
Australia 2004 50 Tim Cahill
65%
Croatia 1992 45 Davor Suker
61%
Colombia 2007 36 Radamel Falcao
61%
Togo 2000 32 Emmanuel Adebayor
58%
Niger 2015 20 Victorien Adebayor
58%
Romania 1983 35 Gheorghe Hagi
55%
North Macedonia 2001 38 Goran Pandev
55%
Iceland 2010 27 Gylfi Sigurdsson
52%
Scotland 1971 30 Kenny Dalglish
52%
Slovakia 2007 26 Marek Hamsik
52%
Finland 2009 42 Teemu Pukki
52%
New Zealand 2009 34 Chris Wood
48%
Armenia 2007 32 Henrikh Mkhitaryan
48%
Venezuela 2008 44 Salomon Rondon
45%
Montenegro 2007 36 Stevan Jovetic
45%
Ghana 2003 51 Asamoah Gyan
42%
Myanmar 1992 36 Myo Hlaing Win
42%
Paraguay 1999 32 Roque Santa Cruz
42%
Switzerland 2001 42 Alexander Frei
39%
South Korea 1972 58 Bum-kun Cha
39%
Hong Kong 2004 40 Chan Siu Ki
39%
Iran 1993 108 Ali Daei
35%
Turkey 1992 51 Hakan Sukur
35%
Czechia 1999 55 Jan Koller
35%
Peru 2004 39 Paolo Guerrero
35%
Romania 2000 35 Adrian Mutu
32%
Scotland 1958 30 Denis Law
32%
South Africa 1997 31 Benni McCarthy
29%
Canada 2014 29 Cyle Larin
29%
Algeria 2012 45 Islam Slimani
29%
Denmark 1997 52 Jon Dahl Tomasson
29%
Trinidad & Tobago 1995 70 Stern John
29%
Israel 2010 35 Eran Zahavi
26%
Italy 1965 35 Gigi Riva
26%
Northern Ireland 2000 36 David Healy
23%
Guinea-Bissau 1996 9 Nando Co
23%
Qatar 2013 54 Almoez Ali
19%
Cuba 1996 30 Lester More
19%
Soviet Union/Russia 1972 42 Oleg Blokhin
19%
Zimbabwe 1990 37 Peter Ndlovu
19%
India 2005 94 Sunil Chhetri
19%
Austria 1982 44 Toni Polster
19%
Kosovo 2016 26 Vedat Muriqi
19%
Luxembourg 2017 21 Gerson Rodrigues
16%
Bolivia 2007 31 Marcelo Moreno
16%
Mali 1998 25 Seydou Keita
16%
Benin 2004 24 Stephane Sessegnon
16%
Slovenia 1992 35 Zlatko Zahovic
16%
Guatemala 1998 68 Carlos Ruiz
13%
Uzbekistan 2015 40 Eldor Shomurodov
13%
Nigeria 1983 37 Rashidi Yekini
13%
Aruba 2002 6 Ronald Gomez
13%
Georgia 1994 26 Shota Arveladze
13%
Kuwait 1996 75 Bashar Abdullah
10%
DR Congo 2005 22 Dieumerci Mbokani
10%
Equatorial Guinea 2013 22 Emilio Nsue
10%
Saudi Arabia 1978 72 Majed Abdullah
10%
Malta 2000 42 Michael Mifsud
10%
Sierra Leone 1995 8 Mohamed Kallon
10%
Denmark 1910 52 Poul Nielsen
10%
Bermuda 1988 20 Shaun Goater
10%
Somalia 2000 3 Abdullai Sheikh Mohamed
6%
Estonia 1995 38 Andres Oper
6%
San Marino 1998 8 Andy Selva
6%
Honduras 1993 57 Carlos Pavon
6%
Egypt 1985 68 Hossam Hassan
6%
Andorra 1997 11 Ildefons Lima
6%
Norway 1928 33 Jorgen Juve
6%
Montserrat 2015 12 Lyle Taylor
6%
Liechtenstein 1993 16 Mario Frick
6%
Philippines 2006 52 Phil Younghusband
6%
Fiji 2007 41 Roy Krishna
6%
Cape Verde 2010 18 Ryan Mendes
6%
Lithuania 1998 19 Tomas Danilevicius
6%
Angola 1995 39 Akwa
3%
Maldives 2003 58 Ali Ashfaq
3%
UAE 2009 85 Ali Mabkhout
3%
Gambia 2013 13 Assan Ceesay
3%
British Virgin Islands 1995 5 Avondale Williams
3%
Albania 1996 18 Erjon Bogdani
3%
Singapore 1979 55 Fandi Ahmad
3%
Zambia 1968 79 Godfrey Chitalu
3%
Puerto Rico 2010 18 Hector Ramos
3%
Bulgaria 1967 48 Hristo Bonev
3%
Guam 2006 26 Jason Cunliffe
3%
Japan 1964 75 Kunishige Kamamoto
3%
Gibraltar 2013 5 Liam Walker
3%
Panama 2001 43 Luis Tejada
3%
Jamaica 2004 35 Luton Shelton
3%
Latvia 1999 29 Maris Verpakovskis
3%
Malaysia 1972 89 Mokhtar Dahari
3%
Gibraltar 2013 5 Roy Chipolina
3%
Indonesia 1967 70 Abdul Kadir
0%
Morocco 1966 36 Ahmed Faras
0%
Libya 1961 40 Ali Al-Biski
0%
Yemen 2000 29 Ali Al-Nono
0%
Nepal 2014 13 Anjan Bista
0%
Bangladesh 1975 17 Ashraf Uddin Ahmed Chunnu
0%
Kazakhstan 2018 14 Bakhtiyar Zaynutdinov
0%
Eritrea 2002 5 Berhane Aregai
0%
New Caledonia 2008 23 Bertrand Kai
0%
Mauritania 2013 13 Bessam
0%
Turks & Caicos Islands 2008 19 Billy Forbes
0%
Macau 2006 17 Chan Kin Seng
0%
Bhutan 2011 13 Chencho Gveltshen
0%
Chinese Taipei 2006 25 Chen Po-liang
0%
Solomon Islands 2000 34 Commins Menapi
0%
Mauritius 1972 17 Daniel Imbert
0%
Belize 2007 28 Deon McCaulay
0%
Samoa 2001 9 Desmond Fa'aiuaso
0%
St. Lucia 1990 20 Earl Jean
0%
Comoros 2014 19 El Fardou Ben Nabouhane
0%
Azerbaijan 2016 14 Emin Mahmudov
0%
Uganda 2009 28 Emmanuel Okwi
0%
Haiti 1970 37 Emmanuel Sanon
0%
Chad 2005 14 Ezechiel N'Douassel
0%
Afghanistan 2014 10 Faysal Shayesteh
0%
Syria 2001 36 Firas Al-Khatib
0%
Burundi 2009 19 Fiston Abdul Razak
0%
Ethiopia 2010 33 Getaneh Kebede
0%
Anguilla 2000 5 Girdon Connor
0%
Suriname 2015 14 Gleofilo Vlijter
0%
Azerbaijan 1992 14 Gurban Gurbanov
0%
Jordan 2011 33 Hamza Al-Dardour
0%
Oman 1997 43 Hani Al-Dhabit
0%
China 1992 39 Hao Haidong
0%
Nepal 1995 13 Hari Khadka
0%
Lebanon 2006 26 Hassan Maatouk
0%
Cambodia 1995 20 Hok Sochetra
0%
Iraq 1976 78 Hussein Saeed
0%
Guinea 1960 33 Ibrahima Kandia Diallo
0%
Moldova 2018 15 Ion Nicolaescu
0%
Bahrain 2005 47 Ismail Abdullatif
0%
Tunisia 2005 36 Issam Jemaa
0%
South Sudan 2012 6 James Moga
0%
US Virgin Islands 2006 3 Jamie Browne
0%
Lesotho 2014 15 Jane Thabantso
0%
US Virgin Islands 2018 3 JC Mack
0%
Botswana 2006 24 Jerome Ramatlhakwane
0%
Dominican Republic 2006 24 Jonathan Fana
0%
North Korea 2011 30 Jong Il-Gwan
0%
Nicaragua 2009 25 Juan Barrera
0%
Dominica 2010 20 Julian Wade
0%
Sri Lanka 1999 27 Kasun Jayasuriya
0%
St. Kitts & Nevis 1993 24 Keith Gumbs
0%
Thailand 1993 71 Kiatisuk Senamuang
0%
Malawi 1973 71 Kinnah Phiri
0%
Faroe Islands 2012 10 Klaemint Olsen
0%
Vietnam 2004 51 Le Cong Vinh
0%
Cayman Islands 1991 12 Lee Ramoon
0%
Bahamas 2006 13 Lesly St. Fleur
0%
Barbados 1995 23 Llewellyn Riley
0%
Central African Republic 2017 14 Louis Mafouta
0%
Sao Tome & Principe 2012 11 Luis Leal
0%
Belarus 1998 20 Maksim Romaschenko
0%
Tajikistan 2011 20 Manuchekhr Dzhalilov
0%
Cyprus 1997 32 Michalis Konstantinou
0%
Kyrgyzstan 2009 16 Mirlan Murzayev
0%
Burkina Faso 1998 34 Moumouni Dagano
0%
Tanzania 2006 25 Mrisho Ngasa
0%
Pakistan 2001 11 Muhammad Essa
0%
Mongolia 2014 9 Naranbold Nyam-Osor
0%
Sudan 1963 27 Nasr Eddin Abbas
0%
Guyana 2001 18 Nigel Codrington
0%
Greece 1977 29 Nikos Anastopoulos
0%
Nepal 2000 13 Nirajan Rayamajhi
0%
Palestine 2018 17 Oday Dabbagh
0%
Rwanda 2000 24 Olivier Karekezi
0%
Madagascar 2003 15 Paulin Voavy
0%
Antigua & Barbuda 2004 44 Peter Byers
0%
Namibia 2014 16 Peter Shalulile
0%
Seychelles 1998 14 Philip Zialor
0%
American Samoa 2004 3 Ramin Ott
0%
Curacao 2016 21 Rangelo Janga
0%
El Salvador 1991 39 Raul Diaz Arce
0%
Papua New Guinea 2012 13 Raymond Gunemba
0%
Papua New Guinea 2002 13 Reggie Davani
0%
Vanuatu 2000 20 Richard Iwai
0%
Anguilla 2000 5 Richard O'Connor
0%
Grenada 1995 37 Ricky Charles
0%
Faroe Islands 1999 10 Rogvi Jacobsen
0%
Costa Rica 1992 47 Rolando Fonseca
0%
East Timor 2016 7 Rufino Gama
0%
Eswatini 2012 16 Sabelo Ndzinisa
0%
Djibouti 2021 8 Samuel Akinbinu
0%
Brunei 2008 8 Shahrazen Said
0%
St. Vincent and the Grenadines 2001 32 Shandel Samuel
0%
Suriname 2010 14 Stefano Rijssel
0%
Cook Islands 2011 7 Taylor Saghabi
0%
Tahiti 2011 30 Teaonui Tehau
0%
Aruba 2019 6 Terence Groothusen
0%
Anguilla 2000 5 Terrence Rogers
0%
Congo 2014 16 Thievy Bifouma
0%
Mozambique 1992 30 Tico-Tico
0%
Tonga 2001 7 Unaloto Feao
0%
Laos 2002 18 Visay Phaphouvanin
0%
Kenya 1965 35 William Ouma
0%
Turkmenistan 2000 16 Wladimir Bayramow
0%
Eritrea 1998 5 Yidnekachew Shimangus
0%
Eritrea 1999 5 Yonas Fesehaye
0%
No matching quizzes found
Score Distribution
Percent of People with Each Score
Percentile by Number Answered
Your Score History
You have not taken this quiz